000 00750nam a2200277Ia 4500
001 G8627
003 IT-RoPAU
008 130308s9999 xx 000 0 und d
040 _aIT-RoPAU
040 _cIT-RoPAU
041 _aITALIANO
100 _aZaccaria Paola
100 _gCodice Aut. SPICS: 17181
245 _aNarrare dalla soglia
245 _bIncontri di Culture. La Semiotica tra Frontiere e Traduzioni
250 _a1a ed.
260 _aTORINO
260 _bUtet Libreria
260 _c2001 [1° Ed.:2001 - Ed.Ling.Originale:2001]
300 _a"10 p. (prefazione: no ; testo: 10 [pagine: 134-143])"
650 _aSAGGI DI SEMIOLOGIA
650 _eCodice materia Spics: 3257
942 _cBK
957 _71
999 _c78448
_d78448
999 _g1